"-AN" Countries Ranked by Density - Statistics

General Stats
  • This quiz has been taken 12 times
  • The average score is 12 of 16
Answer Stats
Density (per sq. km) Answer % Correct
62 Afghanistan
90%
52 Iran
90%
7 Kazakhstan
90%
34 Kyrgyzstan
90%
260 Pakistan
90%
70 Tajikistan
90%
77 Uzbekistan
90%
119 Azerbaijan
80%
13 Turkmenistan
80%
19 South Sudan
70%
24 Sudan
70%
21 Bhutan
60%
17 Oman
60%
332 Japan
50%
115 Jordan
40%
660 Taiwan
30%
No matching quizzes found
Score Distribution
Percent of People with Each Score
Percentile by Number Answered
Your Score History
You have not taken this quiz